| 000 -LEADER |
| fixed length control field |
00423nam a22001577a 4500 |
| 020 ## - INTERNATIONAL STANDARD BOOK NUMBER |
| ISBN |
9788192116129 |
| 082 ## - DEWEY DECIMAL CLASSIFICATION NUMBER |
| Classification number |
H 323 |
| Item number |
VIN/M |
| 100 ## - MAIN ENTRY--AUTHOR NAME |
| Personal name |
Vinod Narayanadas Bairagi |
| 245 ## - TITLE STATEMENT |
| Title |
Manavadhikar siddhant evam vyavahar/ |
| Statement of responsibility, etc |
by Vinod Narayanadas Bairagi |
| 260 ## - PUBLICATION, DISTRIBUTION, ETC. (IMPRINT) |
| Place of publication |
Kanpur: |
| Name of publisher |
Paraj Prakasan, |
| Year of publication |
2011. |
| 300 ## - PHYSICAL DESCRIPTION |
| Number of Pages |
262p. |
| 650 ## - SUBJECT ADDED ENTRY--TOPICAL TERM |
| Topical Term |
Human Rights |
| 650 ## - SUBJECT ADDED ENTRY--TOPICAL TERM |
| Topical Term |
Political Science |
| 650 ## - SUBJECT ADDED ENTRY--TOPICAL TERM |
| Topical Term |
Social Sciences |
| 942 ## - ADDED ENTRY ELEMENTS (KOHA) |
| Koha item type |
Book |